000 00826nam a2200253 i 4500
001 14709
003 ES-MaACL
005 20250824212230.0
007 t|
008 990526s1989 sp ||||1| spa d
020 _a84-86568-28-5
080 _a796.86
100 1 _aBroutin, C. Leon.
_931970
245 1 0 _aTratado de esgrima
_b: el arte de la esgrima o un tratado de la ciencia del florete /
_cde C. Leon Broutin.
250 _a2ª ed.
260 _aMadrid :
_bPrensa y Ediciones Iberoamericanas,
_c1989.
300 _a179 p., [24] h. de lám. ;
_c18 cm.
490 1 _aLos Libros de doña Berta ;
_v16
500 _aReprod. de la ed. de 1893.
650 1 7 _aEsgrima
_2embne
_912459
830 0 4 _aLos libros de doña Berta
_v16
_9178268
852 _aES-MaACL
_jL-21968
_bR.118499
999 _c14709
_d14709